Checkup / (Record no. 7936)

MARC details
000 -LEADER
fixed length control field 00819nam a22002777a 4500
001 - CONTROL NUMBER
control field 7936
003 - CONTROL NUMBER IDENTIFIER
control field FISKH
005 - DATE AND TIME OF LATEST TRANSACTION
control field 20250814104357.0
008 - FIXED-LENGTH DATA ELEMENTS--GENERAL INFORMATION
fixed length control field 250814b cb ||||| |||| 00| 0 eng d
020 ## - INTERNATIONAL STANDARD BOOK NUMBER
International Standard Book Number 9780439024488
040 ## - CATALOGING SOURCE
Original cataloging agency FISKH
Language of cataloging eng
Transcribing agency FISKH
Modifying agency FISKH
050 ## - LIBRARY OF CONGRESS CALL NUMBER
Classification number R130 .B47
082 ## - DEWEY DECIMAL CLASSIFICATION NUMBER
Classification number 613
100 ## - MAIN ENTRY--PERSONAL NAME
Personal name Berger, Melvin
245 ## - TITLE STATEMENT
Title Checkup /
Statement of responsibility, etc. by Melvin and Gilda Berger
260 ## - PUBLICATION, DISTRIBUTION, ETC.
Place of publication, distribution, etc. New York :
Name of publisher, distributor, etc. Scholastic,
Date of publication, distribution, etc. 2007.
300 ## - PHYSICAL DESCRIPTION
Extent 32 pages :
Other physical details color illustrations ;
Dimensions 18 x 22 m
505 ## - FORMATTED CONTENTS NOTE
Formatted contents note E<br/>
520 ## - SUMMARY, ETC.
Summary, etc. Colorful photgraphs and simple sentences briefly describes visits to the doctors.
521 8# - TARGET AUDIENCE NOTE
Target audience note 160<br/>
Source Lexile estimate<br/><br/>
521 8# - TARGET AUDIENCE NOTE
Target audience note E<br/>
Source Raz-Plus<br/>
650 ## - SUBJECT ADDED ENTRY--TOPICAL TERM
Topical term or geographic name entry element My body
Form subdivision Doctor's Appointment
Chronological subdivision Body
700 ## - ADDED ENTRY--PERSONAL NAME
Personal name Berger, Gilda
Relator term Author
942 ## - ADDED ENTRY ELEMENTS (KOHA)
Source of classification or shelving scheme Dewey Decimal Classification
Koha item type Books
Suppress in OPAC No
Holdings
Withdrawn status Lost status Source of classification or shelving scheme Damaged status Not for loan Collection Home library Current library Shelving location Date acquired Total Checkouts Full call number Barcode Date last seen Copy number Price effective from Koha item type
    Dewey Decimal Classification     Khmer-English Bilingual / ភាសាខ្មែរ-អង់គ្លេស Footprints International School Library Network Toul Kork Campus Footprints International School Library Network Toul Kork Campus TK Primary Library Room(4th Floor), Bookcase 7, Shelves 57-60, Dark Green Books 08/14/2025   BER 613 R130 .B47 FISBK05928 08/14/2025 1 08/14/2025 Books